Проблемы межязыковой профессиональной коммуникации в условиях глобализации; Проблемы геологии и освоения недр; Т. 2
| Parent link: | Проблемы геологии и освоения недр: труды XX Международного симпозиума имени академика М. А. Усова студентов и молодых ученых, посвященного 120-летию со дня основания Томского политехнического университета, Томск, 4-8 апреля 2016 г./ Национальный исследовательский Томский политехнический университет (ТПУ), Институт природных ресурсов (ИПР) ; Общество инженеров-нефтяников, международная некоммерческая организация, Студенческий чаптер ; под ред. А. Ю. Дмитриева.— , 2016 Т. 2.— 2016.— [С. 1200-1202] |
|---|---|
| Hlavní autor: | |
| Korporativní autor: | |
| Shrnutí: | Заглавие с экрана |
| Jazyk: | ruština |
| Vydáno: |
2016
|
| Edice: | Геология, горное и нефтегазовое дело Проблемы межязыковой профессиональной коммуникации в условиях глобализации |
| Témata: | |
| On-line přístup: | http://earchive.tpu.ru/handle/11683/32277 |
| Médium: | Elektronický zdroj Kapitola |
| KOHA link: | https://koha.lib.tpu.ru/cgi-bin/koha/opac-detail.pl?biblionumber=620315 |
MARC
| LEADER | 00000naa2a2200000 4500 | ||
|---|---|---|---|
| 001 | 620315 | ||
| 005 | 20231228131650.0 | ||
| 035 | |a (RuTPU)RU\TPU\conf\18789 | ||
| 035 | |a RU\TPU\conf\18294 | ||
| 090 | |a 620315 | ||
| 100 | |a 20160922d2016 k y0rusy50 ca | ||
| 101 | 0 | |a rus | |
| 102 | |a RU | ||
| 105 | |a y z 100zy | ||
| 135 | |a drgn ---uucaa | ||
| 181 | 0 | |a i | |
| 182 | 0 | |a b | |
| 200 | 1 | |a Проблемы межязыковой профессиональной коммуникации в условиях глобализации |f И. А. Матвеенко | |
| 203 | |a Текст |c электронный | ||
| 225 | 1 | |a Геология, горное и нефтегазовое дело | |
| 225 | 1 | |a Проблемы межязыковой профессиональной коммуникации в условиях глобализации | |
| 300 | |a Заглавие с экрана | ||
| 320 | |a [Библиогр.: с. 1202 (4 назв.] | ||
| 461 | 1 | |0 (RuTPU)RU\TPU\conf\17456 |t Проблемы геологии и освоения недр |o труды XX Международного симпозиума имени академика М. А. Усова студентов и молодых ученых, посвященного 120-летию со дня основания Томского политехнического университета, Томск, 4-8 апреля 2016 г. |o в 2 т. |f Национальный исследовательский Томский политехнический университет (ТПУ), Институт природных ресурсов (ИПР) ; Общество инженеров-нефтяников, международная некоммерческая организация, Студенческий чаптер ; под ред. А. Ю. Дмитриева |d 2016 | |
| 463 | 1 | |0 (RuTPU)RU\TPU\conf\17458 |t Т. 2 |v [С. 1200-1202] |d 2016 | |
| 610 | 1 | |a труды учёных ТПУ | |
| 610 | 1 | |a электронный ресурс | |
| 610 | 1 | |a межязыковые коммуникации | |
| 610 | 1 | |a глобализация | |
| 610 | 1 | |a иностранные языки | |
| 610 | 1 | |a языковая подготовка | |
| 610 | 1 | |a интегративное образование | |
| 610 | 1 | |a профессионально-ориентированное обучение | |
| 700 | 1 | |a Матвеенко |b И. А. |c лингвист |c профессор Томского политехнического университета, доктор филологических наук |f 1967- |g Ирина Алексеевна |3 (RuTPU)RU\TPU\pers\27693 |9 12767 | |
| 712 | 0 | 2 | |a Национальный исследовательский Томский политехнический университет (ТПУ) |b Институт природных ресурсов (ИПР) |b Кафедра иностранных языков (ИЯПР) |3 (RuTPU)RU\TPU\col\18662 |
| 801 | 2 | |a RU |b 63413507 |c 20160930 |g RCR | |
| 856 | 4 | |u http://earchive.tpu.ru/handle/11683/32277 | |
| 942 | |c BK | ||